00674nam a22001817a 4500003000500000005001700005008000600022020002300028040001400051041000600065082003200071100002700103245009700130260006600227942005400293999001900347952012600366322820250304105526.0 eng  a9780620811958qpbk aRDAc3228 2E 2First Editiona920.008 MORT aMorton, Shafiq9192193 aFrom The Spice Islands To Cape Town: The Life And Times Of Tuan GurucMorton,ShafiqhEnglish aSouth AfricabNational Awqaf Foundation of South Africac2018 2ddccBOOKw6786xChimezie Obiy6786zChimezie Obi c772690d772689 00102ddc40708900aMBOMRLbEMJILcGENd2025-03-04g450.00o 920.008 MORTp33228031161979r2025-03-04w2025-03-04yBOOK